| 000 | 00485nam a22001817a 4500 | ||
|---|---|---|---|
| 003 | OSt | ||
| 005 | 20140310181930.0 | ||
| 008 | 130722t xxu||||| |||| 00| 0 eng d | ||
| 050 |
_aPZ 10 _b.D273 1993 |
||
| 082 |
_aTR 790.19 _bD33 1993 |
||
| 245 |
_aParty games for children and easy cakes too _cMaurice Day. |
||
| 260 |
_aLondon : _bFoulsham, _cc1993. |
||
| 300 |
_a128 p. : _bill. ; _c28 cm. |
||
| 521 | _aFaculty. | ||
| 541 | _j2 | ||
| 562 | _e1 | ||
| 942 |
_2lcc _cBK-TR _kTR |
||
| 999 |
_c7346 _d7346 |
||